|
|
|
|
| LEADER |
01744cas a2200241 a 4500 |
| 001 |
AALejournalIMF007640 |
| 008 |
230101c9999 xx r poo 0 0eng d |
| 020 |
|
|
|c 5.00 USD
|
| 020 |
|
|
|z 9781451854701
|
| 022 |
|
|
|a 1018-5941
|
| 040 |
|
|
|a BD-DhAAL
|c BD-DhAAL
|
| 100 |
1 |
|
|a Gross, Dominique.
|
| 245 |
1 |
0 |
|a Three Million Foreigners, Three Million Unemployed? :
|b Immigration and the French Labor Market /
|c Dominique Gross.
|
| 264 |
|
1 |
|a Washington, D.C. :
|b International Monetary Fund,
|c 1999.
|
| 300 |
|
|
|a 1 online resource (29 pages)
|
| 490 |
1 |
|
|a IMF Working Papers
|
| 500 |
|
|
|a <strong>Off-Campus Access:</strong> No User ID or Password Required
|
| 500 |
|
|
|a <strong>On-Campus Access:</strong> No User ID or Password Required
|
| 506 |
|
|
|a Electronic access restricted to authorized BRAC University faculty, staff and students
|
| 520 |
3 |
|
|a This paper investigates the effects of the flows of immigrant workers on the French labor market between the mid-1970s and mid-1990s. Using a system of equations for unemployment, labor-force participation, the real wage, and the immigration rate, it is shown that, in the long run, legal and amnestied immigrant workers, and their families, lower the unemployment rate permanently. In the short run, the arrival of immigrants increases unemployment slightly with an impact similar to that of an increase in domestic labor-force participation. The composition of immigration flows matters, and the proportion of skilled and less-skilled workers should remain balanced.
|
| 538 |
|
|
|a Mode of access: Internet
|
| 830 |
|
0 |
|a IMF Working Papers; Working Paper ;
|v No. 1999/124
|
| 856 |
4 |
0 |
|z Full text available on IMF
|u http://elibrary.imf.org/view/journals/001/1999/124/001.1999.issue-124-en.xml
|z IMF e-Library
|